Guess the actor - Statistics

General Stats
  • This quiz has been taken 18 times
    14 since last reset
  • The average score is 14 of 25
Answer Stats
Question Answer % Correct
Friends Lisa Kudrow
92%
Slumdog millionaire Dev Patel
85%
Pulp fiction John Travolta
85%
White chicks Shawn Wayans
85%
Snakes on a plane Samuel L. Jackson
77%
Captain Phillips Tom Hanks
77%
Stranger things David Harbour
69%
Shrek 1 John Lithgow
69%
SpongeBob SquarePants Clancy Brown
62%
Willy Wonka and the Chocolate factory Gene wilder
62%
Assassins Creed Michael fassbender
62%
The umbrella academy Aidan Gallagher
54%
Scott pilgrim vs the world Aubrey Plaza
54%
X-Men days of future past Peter Dinklage
54%
Sky high Danielle Panabaker
46%
Pair of kings Mitchell musso
46%
Peaky blinders Tom Hardy
46%
The Big bang theory Laurie Metcalf
38%
Men in black 3 Nicole Scherzinger
38%
Harry potter and the chamber of secrets Robbie Coltrane
38%
Homefront Winona Ryder
38%
2012 Beatrice Rosen
31%
Monster house Kevin James
31%
Toy story 3 Bea Miller
23%
Fast and furious: tokyo drift Lucas Black
23%
No matching quizzes found
Score Distribution
Percent of People with Each Score
Percentile by Number Answered
Your Score History
You have not taken this quiz since the last reset